Cities in Kentucky - Sudden Death - Statistics

General Stats
  • This quiz has been taken 28 times
  • The average score is 11 of 22
Answers on the Grid
Answers color-coded by a green-red scale on the quiz's grid according to % correct below.
Arlington
Ashland
Berea
Boone
Bowling Green
Campbellsville
Charleston
Cincinnati
Danville
Durham
Elizabethtown
Georgetown
Harpers Ferry
Hopkinsville
Huntington
Lexington
London
Louisville
Lubbock
Madisonville
Memphis
Middlesboro
Murray
Owensboro
Paducah
Pigeon Forge
Pikeville
Portsmouth
Somerset
Vanceburg
Versailles
Williamsburg
 
Answer Stats
Answer % Correct
Bowling Green
82%
Lexington
82%
Louisville
68%
Owensboro
64%
Elizabethtown
59%
Campbellsville
55%
Middlesboro
55%
Paducah
55%
Ashland
50%
Berea
50%
Georgetown
50%
Hopkinsville
50%
Madisonville
45%
Pikeville
45%
Somerset
41%
Vanceburg
41%
Danville
36%
Murray
36%
London
27%
Versailles
27%
Williamsburg
23%
Arlington
9%
No matching quizzes found
Score Distribution
Percent of People with Each Score
Percentile by Number Answered
Your Score History
You have not taken this quiz